[Event "Polanica Zdroj op"]
[Site "Polanica Zdroj"]
[Date "2001.08.21"]
[Round "6"]
[White "Mazek, Marek"]
[Black "Szymczak, Zbigniew"]
[Result "0-1"]
[WhiteElo "2080"]
[BlackElo "2298"]
[PlyCount "82"]
[EventDate "2001.08.16"]
[EventType "swiss"]
[EventRounds "10"]
[EventCountry "POL"]
[SourceTitle "EXT 2002"]
[Source "ChessBase"]
[SourceDate "2001.11.25"]
[SourceVersion "1"]
[SourceVersionDate "2001.11.25"]
[SourceQuality "1"]

1. d4 Nf6 2. Nf3 g6 3. c4 Bg7 4. Nc3 0-0 5. e4 d6 6. h3 Na6 7. Bg5 c6 8. Be2 e5 9. d5 h6 10. Be3 cxd5 11. cxd5 Nc5 12. Nd2 a5 13. a4 Ne8 14. g4 Kh7 15. Ra3 Bf6 16. h4 Be7 17. g5 hxg5 18. hxg5+ Kg7 19. Nf3 Bg4 20. Qd2 Bxf3 21. Bxf3 Nc7 22. Bg4 Rh8 23. Rxh8 Qxh8 24. Bxc5 Qh1+ 25. Ke2 Qh4 26. Be3 Qxg4+ 27. Ke1 Rh8 28. Qe2 Rh1+ 29. Kd2 Qg1 30. Kc2 Bxg5 31. Rb3 Rh2 32. Nd1 Bxe3 33. Qxe3 Na6 34. Rxb7 Nc5 35. Ra7 Rh4 36. Qf3 Rf4 37. Qh3 Nxe4 38. Ra8 Qxd1+ 39. Kxd1 Nxf2+ 40. Kc2 Nxh3 41. Rxa5 g5 0-1

[Event "Polanica Zdroj op"]
[Site "Polanica Zdroj"]
[Date "2001.08.19"]
[Round "4"]
[White "Fudalej, Michal"]
[Black "Mazek, Marek"]
[Result "1-0"]
[WhiteElo "2243"]
[BlackElo "2080"]
[PlyCount "40"]
[EventDate "2001.08.16"]
[EventType "swiss"]
[EventRounds "10"]
[EventCountry "POL"]
[SourceTitle "EXT 2002"]
[Source "ChessBase"]
[SourceDate "2001.11.25"]
[SourceVersion "1"]
[SourceVersionDate "2001.11.25"]
[SourceQuality "1"]

1. Nf3 Nf6 2. g3 g6 3. Bg2 Bg7 4. c4 0-0 5. Nc3 d5 6. cxd5 Nxd5 7. 0-0 Nc6 8. a3 h6 9. Qc2 Be6 10. Rb1 Nb6 11. b4 Rb8 12. d3 Bg4 13. e3 Qd7 14. Ne4 Qf5 15. Nh4 Qh5 16. h3 Bc8 17. b5 Ne5 18. d4 g5 19. dxe5 gxh4 20. g4 Qxe5 1-0

[Event "Polanica Zdroj op"]
[Site "Polanica Zdroj"]
[Date "2001.08.18"]
[Round "3"]
[White "Anuszkiewicz, Konrad"]
[Black "Mazek, Marek"]
[Result "1/2-1/2"]
[WhiteElo "2257"]
[BlackElo "2080"]
[PlyCount "40"]
[EventDate "2001.08.16"]
[EventType "swiss"]
[EventRounds "10"]
[EventCountry "POL"]
[SourceTitle "EXT 2002"]
[Source "ChessBase"]
[SourceDate "2001.11.25"]
[SourceVersion "1"]
[SourceVersionDate "2001.11.25"]
[SourceQuality "1"]

1. d4 Nf6 2. c4 g6 3. g3 Bg7 4. Bg2 d5 5. cxd5 Nxd5 6. e4 Nb6 7. Ne2 0-0 8. 0-0 Nc6 9. d5 Na5 10. Nbc3 c6 11. a4 cxd5 12. exd5 Bf5 13. Be3 Nac4 14. Nb5 Qd7 15. a5 Nc8 16. Nbd4 Bh3 17. b3 Bxg2 18. Kxg2 N4d6 19. Qd3 Nf5 20. Nxf5 Qxf5 1/2-1/2